00449nam a2200193Ia 4500008004100000020001800041050001600059100001900075245001900094245002200113260001500135260001600150260000900166300001600175300002000191300001000211300002600221500000800247170918s9999 xx 000 0 und d a9780439893916 bG776ca 2006 aGraves, Damien 4aThe cat lady / cby Damien Graves. aNew York : bScholastic, c2006 a168 pages : billustrations ; c19cm. eThe midnight library. a650